Revisiones sobre ciencia y tecnología de los alimentos : higiene y seguridad alimentaria /

Contenido: Seguridad microbiológica de los alimentos; Seguridad química de los alimentos.

Gorde:
Xehetasun bibliografikoak
Egile nagusia: Watson, D.H (ed.)
Formatua: Liburua
Hizkuntza:gaztelania
Argitaratua: Zaragoza, España : Acribia, 1994, c1994
Gaiak:
Etiketak: Etiketa erantsi
Etiketarik gabe, Izan zaitez lehena erregistro honi etiketa jartzen!

MARC

LEADER 00000nam^a2200000^a^4500
001 000183671
005 20250521000000.0
009 20260310102048.196
020 |a 84-200-0763-3 
037 |a Acervo ITESO - Biblioteca 
041 |a ESP 
082 |a 664.  |b WAT V. 1 
100 |a Watson, D.H.  |e (ed.) 
245 1 0 |a Revisiones sobre ciencia y tecnología de los alimentos :  |b higiene y seguridad alimentaria /  |c Ed. de D.H. Watson ; tr. por Juan Luis de la Fuente. 
264 4 |a Zaragoza, España :  |b Acribia,  |c 1994, c1994 
300 |a VIII, 91 p. 
336 |a texto  |b txt  |2 rdacontenido 
337 |a sin mediación  |b n  |2 rdamedio 
338 |a volumen  |b nc  |2 rdasoporte 
500 |a Traducción de: Food Science Reviews 
520 |a Contenido: Seguridad microbiológica de los alimentos; Seguridad química de los alimentos. 
649 |a XX 
650 |a Microbiología de Alimentos 
650 |a Alimentos Contaminados 
650 |a Química de Alimentos 
650 |a Microbiología Sanitaria 
650 |a Tecnología de Alimentos 
910 |a Fondo General 
920 |a Impresos - Libros 
930 |a Colección General 
905 |a 101 
901 |a 0500123866  |b IT1  |c ACC  |u 20250521 
902 |a https://opac.biblio.iteso.mx/vufind/Record/000183671